<?xml version="1.0" encoding="UTF-8"?>
<record
    xmlns:xsi="http://www.w3.org/2001/XMLSchema-instance"
    xsi:schemaLocation="http://www.loc.gov/MARC21/slim http://www.loc.gov/standards/marcxml/schema/MARC21slim.xsd"
    xmlns="http://www.loc.gov/MARC21/slim">

  <leader>02671nam a2200337 a 4500</leader>
  <controlfield tag="003">OSt</controlfield>
  <controlfield tag="005">20250708105457.0</controlfield>
  <controlfield tag="007">cr ||||||a|a|a</controlfield>
  <controlfield tag="008">250624s2025    mx a|||fom||| 001 0 spa d</controlfield>
  <datafield tag="040" ind1=" " ind2=" ">
    <subfield code="e">rda</subfield>
  </datafield>
  <datafield tag="100" ind1="1" ind2=" ">
    <subfield code="a">Mata Orozco, Jorge Armando</subfield>
    <subfield code="9">190505</subfield>
  </datafield>
  <datafield tag="245" ind1="1" ind2="0">
    <subfield code="a">Modelo de predicci&#xF3;n de series de precipitaci&#xF3;n empleando redes neuronales artificiales/</subfield>
    <subfield code="c">por Jorge Armando Mata Orozco y M&#xF3;nica Yosel&#xED;n N&#xFA;&#xF1;ez P&#xE9;rez; director de tesis  Ram&#xF3;n Arteaga Ram&#xED;rez; secretario Roc&#xED;o Cervantes Osornio; vocal Mario Alberto V&#xE1;zquez Pe&#xF1;a; suplente  Laura Alicia Ib&#xE1;&#xF1;ez Castillo; suplente  Francisco Garc&#xED;a Herrera.</subfield>
  </datafield>
  <datafield tag="264" ind1=" " ind2="1">
    <subfield code="a">Chapingo, M&#xE9;xico :</subfield>
    <subfield code="b">El autor,</subfield>
    <subfield code="c">2024.</subfield>
  </datafield>
  <datafield tag="300" ind1=" " ind2=" ">
    <subfield code="a">1 recurso en l&#xED;nea (76 p&#xE1;ginas):</subfield>
    <subfield code="b">cuadros, figuras.</subfield>
  </datafield>
  <datafield tag="336" ind1=" " ind2=" ">
    <subfield code="2">rdacontent</subfield>
    <subfield code="a">texto</subfield>
    <subfield code="b">txt</subfield>
  </datafield>
  <datafield tag="337" ind1=" " ind2=" ">
    <subfield code="2">rdamedia</subfield>
    <subfield code="a">computadora</subfield>
    <subfield code="b">c</subfield>
  </datafield>
  <datafield tag="338" ind1=" " ind2=" ">
    <subfield code="2">rdacarrier</subfield>
    <subfield code="a">recurso en l&#xED;nea</subfield>
    <subfield code="b">cr</subfield>
  </datafield>
  <datafield tag="502" ind1=" " ind2=" ">
    <subfield code="b">II</subfield>
    <subfield code="c">Irrigaci&#xF3;n</subfield>
    <subfield code="d">2024.</subfield>
    <subfield code="g">LIC</subfield>
  </datafield>
  <datafield tag="504" ind1=" " ind2=" ">
    <subfield code="a">Incluye referencias bibliogr&#xE1;ficas: p&#xE1;ginas 52-56.</subfield>
  </datafield>
  <datafield tag="520" ind1=" " ind2=" ">
    <subfield code="a">En el presente trabajo de investigaci&#xF3;n se muestra un modelo de predicci&#xF3;n de series de precipitaci&#xF3;n empleando redes neuronales artificiales (RNA). Los datos analizados de precipitaci&#xF3;n diaria pertenecen a la estaci&#xF3;n 11033, La Bego&#xF1;a, en el periodo 2005 &#x2013; 2020. El modelo de predicci&#xF3;n implementa una RNA de tipo Long-Short Term Memory (LSTM), con una arquitectura de 6 capas. La arquitectura del modelo seleccionado consiste en una capa LSTM con 100 unidades ocultas, se complementa con 3 bloques CC + FA + D con funciones de activaci&#xF3;n Relu, Tanh, Relu y valores de 100, 500 y 100 neuronas, respectivamente. Siendo los factores dropout 0.01 para la capa LSTM y 0.2 para los bloques. El par&#xE1;metro de entrenamiento de mayor influencia es el m&#xE1;ximo de &#xE9;pocas y aquellos que modifican el comportamiento de pron&#xF3;stico en comparaci&#xF3;n con los datos originales son las unidades ocultas de la capa LSTM, la cantidad de neuronas y los valores dropout.</subfield>
  </datafield>
  <datafield tag="650" ind1=" " ind2="4">
    <subfield code="a">Lluvia</subfield>
    <subfield code="x">Modelos matem&#xE1;ticos</subfield>
    <subfield code="9">67326</subfield>
  </datafield>
  <datafield tag="650" ind1=" " ind2="4">
    <subfield code="a">Precipitaci&#xF3;n (meteorolog&#xED;a)</subfield>
    <subfield code="x">Modelos matem&#xE1;ticos</subfield>
    <subfield code="9">190776</subfield>
  </datafield>
  <datafield tag="700" ind1="1" ind2=" ">
    <subfield code="a">N&#xFA;&#xF1;ez P&#xE9;rez, M&#xF3;nica Yosel&#xED;n</subfield>
    <subfield code="9">190506</subfield>
  </datafield>
  <datafield tag="700" ind1="1" ind2=" ">
    <subfield code="a">Arteaga Ram&#xED;rez, Ram&#xF3;n</subfield>
    <subfield code="e">director de tesis.</subfield>
    <subfield code="9">7725</subfield>
  </datafield>
  <datafield tag="700" ind1="1" ind2=" ">
    <subfield code="a">Cervantes Osornio, Rocio</subfield>
    <subfield code="9">21600</subfield>
    <subfield code="e">secretario.</subfield>
  </datafield>
  <datafield tag="700" ind1="1" ind2=" ">
    <subfield code="a">V&#xE1;zquez Pe&#xF1;a, Mario Alberto</subfield>
    <subfield code="9">120466</subfield>
    <subfield code="e">vocal.</subfield>
  </datafield>
  <datafield tag="700" ind1="1" ind2=" ">
    <subfield code="a">Ib&#xE1;&#xF1;ez Castillo, Laura Alicia</subfield>
    <subfield code="9">57233</subfield>
    <subfield code="e">suplente.</subfield>
  </datafield>
  <datafield tag="700" ind1="1" ind2=" ">
    <subfield code="a">Garc&#xED;a Herrera, Francisco</subfield>
    <subfield code="e">suplente.</subfield>
    <subfield code="9">46137</subfield>
  </datafield>
  <datafield tag="856" ind1=" " ind2=" ">
    <subfield code="u">http://10.13.5.2/tesis/tl/1711653-4_Y_1711874-6_MATA_OROZCO_JORGEARMANDO_Y_NUNEZ_PEREZ_MONICAYOSELIN.pdf</subfield>
    <subfield code="z">DESCARGAR PDF</subfield>
  </datafield>
  <datafield tag="942" ind1=" " ind2=" ">
    <subfield code="2">Clasificaci&#xF3;n Universidad Aut&#xF3;noma Chapingo</subfield>
    <subfield code="c">TD</subfield>
  </datafield>
  <datafield tag="999" ind1=" " ind2=" ">
    <subfield code="c">220676</subfield>
    <subfield code="d">220676</subfield>
  </datafield>
  <datafield tag="952" ind1=" " ind2=" ">
    <subfield code="0">0</subfield>
    <subfield code="1">0</subfield>
    <subfield code="2">local</subfield>
    <subfield code="4">0</subfield>
    <subfield code="5">1</subfield>
    <subfield code="7">0</subfield>
    <subfield code="8">TesDigL</subfield>
    <subfield code="a">BD</subfield>
    <subfield code="b">BD</subfield>
    <subfield code="c">E_L</subfield>
    <subfield code="d">2025-06-24</subfield>
    <subfield code="l">0</subfield>
    <subfield code="o">Tesis digital</subfield>
    <subfield code="r">2025-06-24 12:16:29</subfield>
    <subfield code="w">2025-06-24</subfield>
    <subfield code="y">TD</subfield>
  </datafield>
</record>
